[Event "Royal City Masters"]
[Site "Guelph CAN"]
[Date "2025.08.05"]
[Round "7.8"]
[White "Ling, Chenxuan"]
[Black "Sai, Krishna GV"]
[Result "1/2-1/2"]
[WhiteElo "2222"]
[BlackElo "2390"]
[WhiteFideId "-1"]
[WhiteFideId "-1"]
[PlyCount "150"]
[GameId "2209428436143571"]
[EventDate "2025.08.01"]
[EventType "swiss"]
[EventRounds "9"]
[EventCountry "CAN"]

1. d4 Nf6 2. c4 g6 3. Nc3 Bg7 4. Nf3 O-O 5. Bg5 h6 6. Bh4 c5 7. d5 d6 8. Nd2 Nbd7 9. e3 Qb6 10. Rb1 Ne5 11. Be2 Bf5 12. e4 Bg4 13. f3 Bc8 14. f4 Neg4 15. Nf1 Nh5 16. h3 Ngf6 17. g3 Qa5 18. Nd2 a6 19. O-O Bxh3 20. Rf2 Bc8 21. g4 Nxf4 22. Rxf4 g5 23. Rxf6 Bxf6 24. Bg3 Bd7 25. e5 dxe5 26. Nce4 Bg7 27. Nb3 Qc7 28. Nbxc5 Bc8 29. d6 exd6 30. Qxd6 Qxd6 31. Nxd6 h5 32. Bf3 Bxg4 33. Bxg4 hxg4 34. Nf5 Rfd8 35. Nxb7 Rd2 36. c5 Bf8 37. Rc1 Kh7 38. Nfd6 f6 39. Rf1 Be7 40. Nc4 Rc2 41. Nxe5 Rxb2 42. c6 Rc8 43. Nc4 Rxa2 44. c7 Rc2 45. Re1 Bf8 46. Ne3 R8xc7 47. Bxc7 Rxc7 48. Rb1 Rc3 49. Nd5 Rc6 50. Ne3 Re6 51. Nxg4 f5 52. Nf2 Kg6 53. Rc1 g4 54. Nd8 Rd6 55. Nc6 Kh5 56. Kg2 Rd2 57. Ne5 Bd6 58. Nc4 Rd4 59. Nxd6 Rxd6 60. Rc5 Kg6 61. Kg3 Rb6 62. Nxg4 Rb3+ 63. Kh4 Rb4 64. Rc6+ Kg7 65. Rxa6 Rxg4+ 66. Kh3 Kf7 67. Rb6 Rg5 68. Ra6 Ke7 69. Rb6 f4 70. Rb4 Rg3+ 71. Kh2 Rf3 72. Kg2 Rg3+ 73. Kf2 Rg6 74. Rxf4 Rf6 75. Rxf6 Kxf6 1/2-1/2

[Event "Royal City Masters"]
[Site "Guelph CAN"]
[Date "2025.08.05"]
[Round "7.9"]
[White "Vettese, Nicholas"]
[Black "Marchand, Calix"]
[Result "1-0"]
[WhiteElo "2352"]
[BlackElo "2160"]
[WhiteFideId "-1"]
[WhiteFideId "-1"]
[PlyCount "91"]
[GameId "2209633690910232"]
[EventDate "2025.08.01"]
[EventType "swiss"]
[EventRounds "9"]
[EventCountry "CAN"]

1. c4 Nf6 2. Nf3 e6 3. e3 d5 4. b3 c5 5. Bb2 Nc6 6. cxd5 exd5 7. Bb5 Bd6 8. Nc3 O-O 9. Rc1 Bg4 10. Na4 Nd7 11. h3 Bh5 12. g4 Bg6 13. h4 Nb4 14. h5 Nd3+ 15. Kf1 Be4 16. Rh3 a6 17. Bxd3 Bxd3+ 18. Kg1 h6 19. Nh4 b5 20. Nc3 Nf6 21. f4 Qd7 22. Rg3 b4 23. Na4 Ne4 24. Rg2 Rfb8 25. Nf5 Bf8 26. Qf3 Kh7 27. Be5 Rb7 28. Nh4 f6 29. Ba1 Re8 30. Ng6 Be7 31. Nb2 Qb5 32. g5 fxg5 33. Ne5 gxf4 34. Nbxd3 Ng5 35. Rxg5 hxg5 36. Qxd5 Bf6 37. Rxc5 Qb6 38. Rc6 Qd8 39. Qe4+ Kg8 40. h6 Rbe7 41. h7+ Kh8 42. Ng6+ Kxh7 43. Nxe7+ Kh8 44. Bxf6 gxf6 45. Rc8 Qxc8 46. Qh1+ 1-0

[Event "Royal City Masters"]
[Site "Guelph CAN"]
[Date "2025.08.05"]
[Round "7.10"]
[White "Jaferian, Koosha"]
[Black "Kaufman, Raymond"]
[Result "1/2-1/2"]
[WhiteElo "2285"]
[BlackElo "2239"]
[WhiteFideId "-1"]
[WhiteFideId "-1"]
[PlyCount "81"]
[GameId "2209636041707040"]
[EventDate "2025.08.01"]
[EventType "swiss"]
[EventRounds "9"]
[EventCountry "CAN"]

1. e4 c5 2. c3 Nf6 3. e5 Nd5 4. Nf3 d6 5. Bb5+ Bd7 6. Bc4 e6 7. d4 Bc6 8. O-O Nd7 9. Bb3 dxe5 10. c4 N5f6 11. d5 exd5 12. cxd5 Bb5 13. Re1 Bd6 14. Nc3 Ba6 15. Nxe5 O-O 16. Nc4 Bxc4 17. Bxc4 a6 18. a4 Qc7 19. h3 Rfe8 20. Be3 Re7 21. b3 Rae8 22. Qd2 h6 23. Rad1 Ne5 24. Qc2 Nxc4 25. bxc4 Ne4 26. Nxe4 Rxe4 27. Bd2 Rxe1+ 28. Rxe1 Rxe1+ 29. Bxe1 Qe7 30. Bc3 Qh4 31. Qd3 h5 32. Bd2 Qf6 33. Bc3 Qf4 34. g3 Qc1+ 35. Kg2 h4 36. Qd2 Qb1 37. Qg5 Qe4+ 38. Kg1 Qb1+ 39. Kg2 Qe4+ 40. Kg1 Qb1+ 41. Kg2 1/2-1/2

[Event "Royal City Masters"]
[Site "Guelph CAN"]
[Date "2025.08.05"]
[Round "7.11"]
[White "Ren, Jesse"]
[Black "Khaledi, Omid"]
[Result "0-1"]
[WhiteElo "2114"]
[BlackElo "2270"]
[WhiteFideId "-1"]
[WhiteFideId "-1"]
[PlyCount "50"]
[GameId "2209637332561448"]
[EventDate "2025.08.01"]
[EventType "swiss"]
[EventRounds "9"]
[EventCountry "CAN"]

1. d4 Nf6 2. c4 e6 3. g3 d5 4. Bg2 dxc4 5. Nf3 Bb4+ 6. Bd2 a5 7. Qc2 c5 8. dxc5 Bxc5 9. O-O O-O 10. Ne5 Nc6 11. Nxc6 bxc6 12. Bxc6 Rb8 13. Na3 Ba6 14. Bf3 Qc7 15. Rac1 Rfc8 16. Kg2 e5 17. Kg1 e4 18. Bxe4 Nxe4 19. Qxe4 Rxb2 20. Nxc4 Bxc4 21. Bf4 Qc6 22. Qxc6 Rxc6 23. Rfd1 f6 24. Rd8+ Kf7 25. Rd7+ Be7 0-1

[Event "Royal City Masters"]
[Site "Guelph CAN"]
[Date "2025.08.05"]
[Round "7.12"]
[White "Chen, Yidong"]
[Black "Cummings, David"]
[Result "0-1"]
[WhiteElo "2068"]
[BlackElo "2252"]
[WhiteFideId "-1"]
[WhiteFideId "-1"]
[PlyCount "58"]
[GameId "2209639677128310"]
[EventDate "2025.08.01"]
[EventType "swiss"]
[EventRounds "9"]
[EventCountry "CAN"]

1. e4 c6 2. d4 d5 3. e5 Bf5 4. Nf3 e6 5. Be2 Nd7 6. O-O a5 7. a4 f6 8. Bf4 fxe5 9. Nxe5 Nxe5 10. Bxe5 Nf6 11. Bh5+ Kd7 12. Be2 Qe8 13. Nd2 Qg6 14. Rc1 Bd6 15. Kh1 Bxe5 16. dxe5 Ng4 17. Nc4 Kc7 18. f3 h5 19. fxg4 hxg4 20. Nd6 Rxh2+ 21. Kxh2 Qh6+ 22. Kg3 Qe3+ 23. Rf3 Qxe5+ 24. Kf2 gxf3 25. Bxf3 Kxd6 26. c3 g5 27. Qd2 g4 28. Re1 Qh2 29. Bd1 Rf8 0-1

[Event "Royal City Masters"]
[Site "Guelph CAN"]
[Date "2025.08.05"]
[Round "7.13"]
[White "Woltery, Nicolai"]
[Black "Xu, Leon"]
[Result "1-0"]
[WhiteElo "2084"]
[BlackElo "2046"]
[WhiteFideId "-1"]
[WhiteFideId "-1"]
[PlyCount "89"]
[GameId "2209643716845182"]
[EventDate "2025.08.01"]
[EventType "swiss"]
[EventRounds "9"]
[EventCountry "CAN"]

1. c4 c6 2. d4 d5 3. cxd5 cxd5 4. Nc3 Nc6 5. Bf4 Nf6 6. e3 a6 7. Be2 Bf5 8. Nf3 e6 9. Qb3 Qd7 10. O-O Be7 11. Ne5 Nxe5 12. Bxe5 Rc8 13. Rfc1 O-O 14. Na4 Rxc1+ 15. Rxc1 Rc8 16. Rxc8+ Qxc8 17. Bxf6 Qc1+ 18. Qd1 Qxd1+ 19. Bxd1 gxf6 20. Nc5 Bxc5 21. dxc5 Kf8 22. Kf1 Bd3+ 23. Ke1 Ke7 24. Kd2 Be4 25. f3 Bb1 26. a3 h6 27. Kc3 Kd7 28. Kd4 Ba2 29. Ba4+ Ke7 30. c6 bxc6 31. Kc5 e5 32. Bxc6 Ke6 33. b4 f5 34. a4 f4 35. exf4 f5 36. fxe5 Kxe5 37. b5 axb5 38. axb5 Bc4 39. b6 Ba6 40. Bxd5 Kf4 41. b7 Bxb7 42. Bxb7 Ke3 43. Kd6 h5 44. Ke5 f4 45. h4 1-0

[Event "Royal City Masters"]
[Site "Guelph CAN"]
[Date "2025.08.05"]
[Round "7.14"]
[White "Moses, Neil"]
[Black "Windram, James"]
[Result "1-0"]
[WhiteElo "2234"]
[BlackElo "1984"]
[WhiteFideId "-1"]
[WhiteFideId "-1"]
[PlyCount "99"]
[GameId "2209680910208646"]
[EventDate "2025.08.01"]
[EventType "swiss"]
[EventRounds "9"]
[EventCountry "CAN"]

1. e4 c5 2. Nf3 e6 3. d4 cxd4 4. Nxd4 a6 5. Bd3 Bc5 6. Nb3 Ba7 7. Nc3 Nc6 8. O-O Nf6 9. Qe2 d6 10. Be3 b5 11. a4 b4 12. Na2 O-O 13. Bd2 a5 14. c3 bxc3 15. Bxc3 e5 16. Kh1 Nd4 17. Nxd4 exd4 18. Bd2 Ng4 19. b4 Qh4 20. Bf4 Ne5 21. Bg3 Qd8 22. Bb5 Qb6 23. Qd2 Qd8 24. bxa5 h5 25. h3 h4 26. Bh2 Be6 27. a6 Qf6 28. f4 Nc4 29. Qe2 Ne3 30. Rfc1 Bc5 31. Rab1 Rfc8 32. f5 Bxa2 33. Qxa2 Qg5 34. Bd3 Ba7 35. Qd2 Rxc1+ 36. Rxc1 Bb6 37. Rb1 Bc5 38. Qf2 Rc8 39. Bf4 Qf6 40. Rb7 Qd8 41. Qa2 d5 42. a7 Bd6 43. e5 Bc5 44. Qf2 Ra8 45. e6 Bxa7 46. Rxf7 Bc5 47. f6 g5 48. Rg7+ Kf8 49. Bxg5 Rxa4 50. e7+ 1-0

[Event "Royal City Masters"]
[Site "Guelph CAN"]
[Date "2025.08.05"]
[Round "7.15"]
[White "Qian, Ashley"]
[Black "Kot, Emanuel"]
[Result "0-1"]
[WhiteElo "2134"]
[BlackElo "2166"]
[WhiteFideId "-1"]
[WhiteFideId "-1"]
[PlyCount "100"]
[GameId "2209683728473745"]
[EventDate "2025.08.01"]
[EventType "swiss"]
[EventRounds "9"]
[EventCountry "CAN"]

1. e4 c5 2. Nf3 e6 3. d4 cxd4 4. Nxd4 Nf6 5. Nc3 Nc6 6. Ndb5 d6 7. Bf4 e5 8. Bg5 a6 9. Na3 b5 10. Nd5 Be7 11. Bxf6 Bxf6 12. c3 Rb8 13. Nc2 Bg5 14. Be2 O-O 15. O-O Be6 16. Qd3 g6 17. Rfd1 Ne7 18. Ncb4 Nxd5 19. Nxd5 Qc8 20. h3 Kh8 21. Bf3 Rd8 22. Qe2 Qd7 23. Bg4 a5 24. a3 Rdc8 25. Rd3 f5 26. Bf3 Rf8 27. Rad1 Qf7 28. Rf1 Qa7 29. Rdd1 Rf7 30. Kh1 Qb7 31. Kg1 Rbf8 32. Qd3 Qa7 33. Qxb5 fxe4 34. Bxe4 Rxf2 35. Kh1 Qf7 36. Rxf2 Qxf2 37. Qc6 Qe2 38. Rg1 Qxe4 39. Qxd6 Rd8 40. Qxe6 Qxd5 41. Qg4 e4 42. Re1 e3 43. h4 Bh6 44. Qg3 Rf8 45. Qc7 e2 46. Qe7 Rf1+ 47. Kh2 Bf4+ 48. Kh3 Qf5+ 49. g4 Qd3+ 50. Kg2 Qf3# 0-1

[Event "Royal City Masters"]
[Site "Guelph CAN"]
[Date "2025.08.05"]
[Round "7.16"]
[White "Wang, Bingfei"]
[Black "Terry, Joshua"]
[Result "1-0"]
[WhiteElo "1942"]
[BlackElo "2155"]
[WhiteFideId "-1"]
[WhiteFideId "-1"]
[PlyCount "95"]
[GameId "2209691138858649"]
[EventDate "2025.08.01"]
[EventType "swiss"]
[EventRounds "9"]
[EventCountry "CAN"]

1. d4 f5 2. Nf3 Nf6 3. c3 g6 4. h4 Bg7 5. Bf4 d6 6. e3 O-O 7. Bc4+ e6 8. Nbd2 h6 9. Qe2 Qe8 10. Bb3 a5 11. a4 b6 12. Nc4 Ba6 13. Qc2 Nc6 14. O-O-O Kh8 15. Rdg1 Rd8 16. Na3 e5 17. Bg5 hxg5 18. hxg5+ Nh5 19. Nh4 d5 20. g4 Ne7 21. gxh5 Kg8 22. Nxg6 Nxg6 23. hxg6 Qxg6 24. Qd1 e4 25. Nb5 Bxb5 26. axb5 Kf7 27. f4 c6 28. bxc6 Qxc6 29. g6+ Ke6 30. Rh7 Rg8 31. Rg5 b5 32. Rhh5 Rdf8 33. Qf1 a4 34. Ba2 Rf6 35. Kb1 a3 36. Qh3 Rgf8 37. Rh7 axb2 38. Kxb2 Qc7 39. Qf1 Rc8 40. Bxd5+ Kd6 41. c4 bxc4 42. Qxc4 Qd8 43. Qa6+ Kxd5 44. Qb5+ Kd6 45. Qe5+ Kc6 46. Qc5+ Kb7 47. Rxg7+ Rc7 48. Qxc7+ 1-0

[Event "Royal City Masters"]
[Site "Guelph CAN"]
[Date "2025.08.05"]
[Round "7.17"]
[White "Plotkin, Victor"]
[Black "Polacek, Jozef"]
[Result "1-0"]
[WhiteElo "2282"]
[BlackElo "2240"]
[WhiteFideId "-1"]
[WhiteFideId "-1"]
[PlyCount "105"]
[GameId "2209692691762849"]
[EventDate "2025.08.01"]
[EventType "swiss"]
[EventRounds "9"]
[EventCountry "CAN"]

1. e4 e5 2. Nf3 Nc6 3. Bc4 Be7 4. d4 exd4 5. Nxd4 d6 6. O-O Nf6 7. Nc3 O-O 8. h3 Bd7 9. Re1 Ne5 10. Bb3 a6 11. a4 Re8 12. Bf4 Bf8 13. Bh2 Nc6 14. Qd3 Nxd4 15. Qxd4 Bc6 16. Re2 g6 17. Rd1 Bg7 18. Qc4 Rf8 19. e5 Ne8 20. f4 Qh4 21. Qd3 Kh8 22. Ne4 Qe7 23. exd6 Nxd6 24. Nxd6 Qxd6 25. Qxd6 cxd6 26. c3 Rad8 27. Red2 d5 28. a5 d4 29. Bg3 Bf6 30. cxd4 Bd5 31. Bc2 Kg7 32. f5 Rc8 33. Be5 Rxc2 34. Rxc2 Bb3 35. Rdd2 Bxc2 36. Rxc2 Bxe5 37. dxe5 gxf5 38. Rc7 Re8 39. Rxb7 Rxe5 40. b4 Re2 41. Rb6 Rb2 42. g3 f6 43. Kf1 Kg6 44. Ke1 h5 45. h4 f4 46. gxf4 Kf5 47. Kd1 Kxf4 48. Kc1 Rg2 49. Rxf6+ Ke5 50. Rxa6 Rg4 51. Rb6 Kd4 52. a6 Rg8 53. b5 1-0

[Event "Royal City Masters"]
[Site "Guelph CAN"]
[Date "2025.08.05"]
[Round "7.18"]
[White "Gao, Heye"]
[Black "Wang, Nathan"]
[Result "1-0"]
[WhiteElo "2068"]
[BlackElo "1993"]
[WhiteFideId "-1"]
[WhiteFideId "-1"]
[PlyCount "63"]
[GameId "2209706620325545"]
[EventDate "2025.08.01"]
[EventType "swiss"]
[EventRounds "9"]
[EventCountry "CAN"]

1. e4 c5 2. Nf3 Nc6 3. d4 cxd4 4. Nxd4 Nf6 5. Nc3 e5 6. Ndb5 d6 7. Bg5 a6 8. Na3 b5 9. Nd5 Be7 10. Bxf6 Bxf6 11. c3 Ne7 12. Nxf6+ gxf6 13. Nc2 Bb7 14. Bd3 d5 15. Qe2 f5 16. exf5 e4 17. f6 Nf5 18. f3 Qxf6 19. O-O Qb6+ 20. Rf2 Kf8 21. fxe4 dxe4 22. Qh5 Nh6 23. Nd4 Re8 24. Raf1 Re7 25. Rf6 Qxf6 26. Rxf6 Ng8 27. Ne6+ Ke8 28. Bxb5+ axb5 29. Qxb5+ Rd7 30. Rxf7 Kxf7 31. Qxd7+ Ne7 32. Nd8+ 1-0

[Event "Royal City Masters"]
[Site "Guelph CAN"]
[Date "2025.08.05"]
[Round "8.1"]
[White "Kantans, Toms"]
[Black "Posthuma, Joshua"]
[Result "1-0"]
[WhiteElo "2515"]
[BlackElo "2380"]
[WhiteFideId "-1"]
[WhiteFideId "-1"]
[PlyCount "79"]
[GameId "2202821259841536"]
[EventDate "2025.08.01"]
[EventType "swiss"]
[EventRounds "9"]
[EventCountry "CAN"]

1. e4 c6 2. d4 d5 3. e5 c5 4. dxc5 e6 5. Be3 Nd7 6. Bb5 Qa5+ 7. Nc3 a6 8. Bxd7+ Bxd7 9. a3 Qc7 10. Qg4 Nh6 11. Qf4 Rc8 12. Nge2 Bxc5 13. Bxc5 Qxc5 14. Ng3 Qc4 15. Qg5 Qg4 16. Qd2 Nf5 17. f3 Qh4 18. O-O-O Nxg3 19. hxg3 Qxg3 20. Rh5 O-O 21. Ne2 Qf2 22. Rdh1 f6 23. Rxh7 Qxg2 24. Rh8+ Kf7 25. R8h2 Qg5 26. f4 Qg6 27. Rg1 Qe4 28. Rhg2 Rg8 29. Ng3 Qf3 30. Rf1 Qb3 31. Kb1 Qa4 32. Nh5 f5 33. Rfg1 g6 34. Rxg6 Rxg6 35. Rxg6 Kxg6 36. Qg2+ Kf7 37. Qg7+ Ke8 38. Qh8+ Ke7 39. Qf6+ Ke8 40. Ng7# 1-0

[Event "Royal City Masters"]
[Site "Guelph CAN"]
[Date "2025.08.05"]
[Round "8.2"]
[White "Panjwani, Raja"]
[Black "Preotu, Razvan"]
[Result "0-1"]
[WhiteElo "2423"]
[BlackElo "2478"]
[WhiteFideId "-1"]
[WhiteFideId "-1"]
[PlyCount "116"]
[GameId "2207601159995392"]
[EventDate "2025.08.01"]
[EventType "swiss"]
[EventRounds "9"]
[EventCountry "CAN"]

1. d4 d5 2. c4 c6 3. Nf3 Nf6 4. g3 g6 5. Bg2 Bg7 6. O-O O-O 7. Qa4 Nbd7 8. cxd5 Nb6 9. Qb3 Qxd5 10. Qd1 Rd8 11. Bg5 Qb5 12. b3 c5 13. Nc3 Qb4 14. a3 Qa5 15. b4 cxb4 16. axb4 Qxb4 17. Bd2 Qc4 18. e3 Nfd5 19. Nxd5 Nxd5 20. Qb1 Qc6 21. e4 Nb6 22. Ba5 Bg4 23. Rc1 Qd6 24. Bb4 Qe6 25. d5 Qd7 26. Ra2 Rdc8 27. Rxc8+ Nxc8 28. Qd3 Nd6 29. Nd2 f5 30. Qe3 Nxe4 31. Nxe4 fxe4 32. Qxe4 Rc8 33. h4 Bf5 34. Qxe7 Qxe7 35. Bxe7 Rc1+ 36. Kh2 Ra1 37. d6 Rxa2 38. Bd5+ Kh8 39. Bxa2 Bd7 40. Bd5 b5 41. g4 a5 42. Bd8 a4 43. Ba5 h5 44. Bb4 Be5+ 45. Kg2 hxg4 46. f3 g3 47. Bd2 Bxd6 48. f4 b4 49. Kxg3 Kg7 50. Kf3 Kf6 51. Be3 Be6 52. Bd4+ Kf7 53. Be4 a3 54. h5 gxh5 55. f5 Bc4 56. f6 b3 57. Ke3 b2 58. Bb1 Bc5 0-1

[Event "Royal City Masters"]
[Site "Guelph CAN"]
[Date "2025.08.05"]
[Round "8.3"]
[White "Liang, Jason"]
[Black "Noritsyn, Nikolay"]
[Result "1/2-1/2"]
[WhiteElo "2409"]
[BlackElo "2462"]
[WhiteFideId "-1"]
[WhiteFideId "-1"]
[PlyCount "118"]
[GameId "2207601160019968"]
[EventDate "2025.08.01"]
[EventType "swiss"]
[EventRounds "9"]
[EventCountry "CAN"]

1. e4 e5 2. Nf3 Nc6 3. Bc4 d6 4. a4 Be7 5. O-O Nf6 6. d3 O-O 7. Nc3 h6 8. h3 Be6 9. Nd5 Re8 10. Bd2 Bf8 11. a5 a6 12. c3 Bxd5 13. exd5 Ne7 14. Qb3 Qd7 15. d4 e4 16. Nh2 Rab8 17. Rfe1 Ng6 18. Be2 Nh4 19. c4 g6 20. Ng4 Nxg4 21. hxg4 Bg7 22. g3 Nf3+ 23. Bxf3 exf3 24. Qxf3 Bxd4 25. Rxe8+ Rxe8 26. Bxh6 Bxb2 27. Rb1 Qa4 28. Qd3 Bh8 29. Be3 Qxa5 30. Rxb7 Rc8 31. Kg2 Qa2 32. Ra7 a5 33. Bd4 Bxd4 34. Qxd4 a4 35. c5 dxc5 36. Qxc5 Rd8 37. Ra5 Qe2 38. Qxc7 Qe8 39. Qc4 Qd7 40. Kf3 a3 41. Qb3 Qd6 42. g5 Qe5 43. Qxa3 Rxd5 44. Ra8+ Kh7 45. Qf8 Qg7 46. Qxg7+ Kxg7 47. Kg4 Rd4+ 48. Kh3 Rb4 49. Ra6 Rc4 50. Rf6 Ra4 51. Rf4 Ra5 52. Kg4 Ra2 53. Kh4 Rb2 54. g4 Ra2 55. Rf6 Rb2 56. f3 Rb3 57. Kg3 Rb5 58. f4 Rb3+ 59. Kh4 Rb4 1/2-1/2

[Event "Royal City Masters"]
[Site "Guelph CAN"]
[Date "2025.08.05"]
[Round "8.4"]
[White "Atanasov, Anthony"]
[Black "Sheng, Joshua"]
[Result "1/2-1/2"]
[WhiteElo "2411"]
[BlackElo "2480"]
[WhiteFideId "-1"]
[WhiteFideId "-1"]
[PlyCount "94"]
[GameId "2207601365549056"]
[EventDate "2025.08.01"]
[EventType "swiss"]
[EventRounds "9"]
[EventCountry "CAN"]

1. e4 c5 2. Nf3 e6 3. c4 Nc6 4. Nc3 Nd4 5. Ne2 Nxf3+ 6. gxf3 d5 7. cxd5 exd5 8. Bg2 Nf6 9. O-O Bd6 10. d3 O-O 11. f4 Be7 12. h3 b6 13. Ng3 dxe4 14. dxe4 Bb7 15. e5 Bxg2 16. Kxg2 Nd5 17. Qf3 Qd7 18. f5 Rfe8 19. Rd1 Rad8 20. Ne4 Qc6 21. Bf4 Nxf4+ 22. Qxf4 Rd5 23. f3 Bf8 24. Rxd5 Qxd5 25. e6 fxe6 26. f6 Qf5 27. Qc7 gxf6 28. Rg1 Re7 29. Kf2+ Rg7 30. Rxg7+ Bxg7 31. Qd8+ Bf8 32. Nxf6+ Kg7 33. Ne4 Qxh3 34. Qg5+ Kf7 35. Qf4+ Qf5 36. Qc7+ Kg6 37. Qxa7 b5 38. Qb8 c4 39. Qg3+ Kh6 40. Qh2+ Kg7 41. Qc7+ Kh8 42. a4 bxa4 43. Qxc4 Qe5 44. Qxa4 Qxb2+ 45. Kg3 Qe5+ 46. Kg2 h5 47. Qe8 Kg8 1/2-1/2

[Event "Royal City Masters"]
[Site "Guelph CAN"]
[Date "2025.08.05"]
[Round "8.6"]
[White "Khaledi, Omid"]
[Black "Song, Edward"]
[Result "1/2-1/2"]
[WhiteElo "2270"]
[BlackElo "2395"]
[WhiteFideId "-1"]
[WhiteFideId "-1"]
[PlyCount "62"]
[GameId "2209709341798110"]
[EventDate "2025.08.01"]
[EventType "swiss"]
[EventRounds "9"]
[EventCountry "CAN"]

1. d4 Nf6 2. c4 e6 3. Nf3 d5 4. g3 Bb4+ 5. Bd2 a5 6. Bg2 O-O 7. Qc2 Be7 8. O-O c6 9. b3 b6 10. Ne5 Bb7 11. Bc3 Nbd7 12. Nd2 Nxe5 13. dxe5 Nd7 14. Rfd1 Qc7 15. Bb2 Rac8 16. Rac1 Qb8 17. Nf3 Rfd8 18. cxd5 cxd5 19. Qd2 h6 20. h4 Ba6 21. Bf1 Nc5 22. Qf4 Qb7 23. Nd4 b5 24. Rc2 Nd7 25. Rdc1 Rxc2 26. Rxc2 Rc8 27. Rxc8+ Qxc8 28. e4 dxe4 29. Qxe4 Bb7 30. Qe2 b4 31. Qb5 Qc7 1/2-1/2

[Event "Royal City Masters"]
[Site "Guelph CAN"]
[Date "2025.08.05"]
[Round "8.7"]
[White "Plotkin, Mark"]
[Black "Ling, Chenxuan"]
[Result "1/2-1/2"]
[WhiteElo "2361"]
[BlackElo "2222"]
[WhiteFideId "-1"]
[WhiteFideId "-1"]
[PlyCount "118"]
[GameId "2209710672183014"]
[EventDate "2025.08.01"]
[EventType "swiss"]
[EventRounds "9"]
[EventCountry "CAN"]

1. d4 Nf6 2. c4 e6 3. g3 d5 4. Bg2 dxc4 5. Nf3 Nc6 6. O-O a6 7. Nbd2 Nxd4 8. Nxc4 Nxf3+ 9. Bxf3 Qxd1 10. Rxd1 Nd5 11. e4 Nb6 12. Nxb6 cxb6 13. e5 Bc5 14. Bg5 Bd7 15. Bxb7 Ra7 16. Bc6 f6 17. exf6 gxf6 18. Bxf6 O-O 19. Rxd7 Rxd7 20. Bxd7 Rxf6 21. Rf1 e5 22. Bc8 a5 23. Bb7 Rd6 24. a4 Rd2 25. b3 Kg7 26. Kg2 Rb2 27. Bd5 Rd2 28. Bc6 Rb2 29. h4 Kf6 30. Bd5 Rd2 31. Be4 h6 32. Kf3 Rb2 33. Bd5 Rd2 34. Bc4 h5 35. Bb5 Rb2 36. Be8 Rxb3+ 37. Kg2 Ra3 38. f3 Ke7 39. Bb5 Be3 40. Re1 Bd4 41. Re2 Ra1 42. g4 Rg1+ 43. Kh3 Rh1+ 44. Kg3 Rg1+ 45. Rg2 Rxg2+ 46. Kxg2 Be3 47. Bc4 Bf4 48. Kh3 Kf8 49. Bb5 Kf7 50. Bd7 Ke7 51. Bf5 Kf7 52. Be4 Kg7 53. Bc6 Kf7 54. Bb5 Kf8 55. Kg2 Kf7 56. Kf2 Kf8 57. Bc6 Kf7 58. Bd5+ Kg7 59. Be4 Kf7 1/2-1/2

[Event "Royal City Masters"]
[Site "Guelph CAN"]
[Date "2025.08.05"]
[Round "8.8"]
[White "Perez Rodriguez, Luis Manuel"]
[Black "Vettese, Nicholas"]
[Result "1/2-1/2"]
[WhiteElo "2318"]
[BlackElo "2352"]
[WhiteFideId "-1"]
[WhiteFideId "-1"]
[PlyCount "21"]
[GameId "2209713715879662"]
[EventDate "2025.08.01"]
[EventType "swiss"]
[EventRounds "9"]
[EventCountry "CAN"]

1. e4 c5 2. Nf3 e6 3. c3 Nf6 4. e5 Nd5 5. d4 cxd4 6. cxd4 b6 7. Bd3 Ba6 8. O-O Bxd3 9. Qxd3 Nc6 10. Nc3 Nxc3 11. bxc3 1/2-1/2

[Event "Royal City Masters"]
[Site "Guelph CAN"]
[Date "2025.08.05"]
[Round "8.9"]
[White "Yang, Larry"]
[Black "Fedorowicz, John"]
[Result "0-1"]
[WhiteElo "2108"]
[BlackElo "2321"]
[WhiteFideId "-1"]
[WhiteFideId "-1"]
[PlyCount "86"]
[GameId "2209714927660790"]
[EventDate "2025.08.01"]
[EventType "swiss"]
[EventRounds "9"]
[EventCountry "CAN"]

1. e4 c5 2. Nf3 Nc6 3. Bb5 e6 4. O-O Nge7 5. d4 cxd4 6. Nxd4 Nxd4 7. Qxd4 a6 8. Be2 Nc6 9. Qc3 Qf6 10. Be3 Qxc3 11. Nxc3 b5 12. Rad1 Bb7 13. f4 Rc8 14. Bb6 Be7 15. Bf3 Nb8 16. Rd2 O-O 17. e5 Bxf3 18. Rxf3 Rc6 19. Ba7 d5 20. exd6 Bxd6 21. Ne4 Be7 22. Rfd3 Rc7 23. Bb6 Rcc8 24. a3 Rc4 25. Rd4 Rc6 26. Bd8 Bxd8 27. Rxd8 Rc8 28. R8d4 Nc6 29. Rd6 a5 30. Rd7 b4 31. a4 Nb8 32. R7d4 h6 33. Kf2 Nc6 34. Rd6 e5 35. R2d5 exf4 36. Kf3 Ne7 37. Rxa5 Rxc2 38. Rd2 b3 39. Rb5 f5 40. Ke2 fxe4 41. Rxb3 f3+ 42. gxf3 exf3+ 43. Rxf3 Rxd2+ 0-1

[Event "Royal City Masters"]
[Site "Guelph CAN"]
[Date "2025.08.05"]
[Round "8.10"]
[White "Cummings, David"]
[Black "Jaferian, Koosha"]
[Result "1/2-1/2"]
[WhiteElo "2252"]
[BlackElo "2285"]
[WhiteFideId "-1"]
[WhiteFideId "-1"]
[PlyCount "219"]
[GameId "2209758220771127"]
[EventDate "2025.08.01"]
[EventType "swiss"]
[EventRounds "9"]
[EventCountry "CAN"]

1. c4 c5 2. Nf3 Nc6 3. d4 cxd4 4. Nxd4 Nf6 5. Nc3 e6 6. g3 Qb6 7. Nb3 Ne5 8. e4 Bb4 9. Qe2 d6 10. Bd2 a5 11. f4 Nc6 12. Be3 Bxc3+ 13. bxc3 Qc7 14. Bg2 O-O 15. O-O e5 16. f5 b6 17. g4 Ba6 18. g5 Nd7 19. Rf3 Ne7 20. Nd2 f6 21. g6 hxg6 22. fxg6 Nxg6 23. Rg3 Nf4 24. Qg4 Rf7 25. Bf1 Bc8 26. Bxf4 exf4 27. Qxf4 Ne5 28. Qf2 Be6 29. Rb1 Rb8 30. Qd4 Qc6 31. Bh3 Bxh3 32. Rxh3 Rc7 33. Rb5 Nxc4 34. Rbh5 Kf7 35. Nxc4 Qxc4 36. Qxd6 Re8 37. Re3 Rc6 38. Qd7+ Re7 39. Qd8 Rc5 40. Rxc5 Qxc5 41. Qd4 Qc6 42. e5 fxe5 43. Rxe5 Qg6+ 44. Kh1 Qb1+ 45. Kg2 Qxa2+ 46. Kg3 Rxe5 47. Qxe5 Qe6 48. Qb5 Kf6 49. Qf1+ Qf5 50. Qc4 b5 51. Qc6+ Qe6 52. Qf3+ Kg6 53. Qd3+ Qf5 54. Qd6+ Kh7 55. Qa3 Qd3+ 56. Kg2 a4 57. Qc5 Kg6 58. h3 Kf7 59. Qc7+ Kf6 60. Qb6+ Kf5 61. Qc5+ Kf4 62. Qf8+ Ke3 63. Qxg7 Kd2 64. Qg5+ Kxc3 65. Qe5+ Kc2 66. h4 b4 67. h5 b3 68. Qc5+ Kb1 69. Qa3 Qd5+ 70. Kg3 Qg5+ 71. Kf2 Qf4+ 72. Ke2 Qe4+ 73. Kd2 Qc2+ 74. Ke3 b2 75. h6 Kc1 76. Kf4 Qd2+ 77. Ke4 Qxh6 78. Qc3+ Kb1 79. Qd3+ Kc1 80. Qc3+ Kd1 81. Qxb2 Qe6+ 82. Kf4 Qb3 83. Qd4+ Kc2 84. Qe4+ Kb2 85. Qd4+ Kb1 86. Qe4+ Qc2 87. Qb4+ Ka2 88. Kg5 a3 89. Kh6 Qh2+ 90. Kg6 Qb2 91. Qc4+ Ka1 92. Kh7 a2 93. Kg8 Kb1 94. Qf1+ Qc1 95. Qb5+ Kc2 96. Qc4+ Kb2 97. Qb4+ Ka1 98. Qd4+ Kb1 99. Qb4+ Qb2 100. Qe1+ Kc2 101. Qe2+ Kc3 102. Qe5+ Kb3 103. Qb5+ Kc2 104. Qe2+ Kb1 105. Qf1+ Qc1 106. Qb5+ Ka1 107. Qe5+ Qb2 108. Qe1+ Qb1 109. Qe5+ Qb2 110. Qe1+ 1/2-1/2

[Event "Royal City Masters"]
[Site "Guelph CAN"]
[Date "2025.08.05"]
[Round "8.11"]
[White "Kaufman, Raymond"]
[Black "Woltery, Nicolai"]
[Result "0-1"]
[WhiteElo "2239"]
[BlackElo "2084"]
[WhiteFideId "-1"]
[WhiteFideId "-1"]
[PlyCount "112"]
[GameId "2209764584304450"]
[EventDate "2025.08.01"]
[EventType "swiss"]
[EventRounds "9"]
[EventCountry "CAN"]

1. Nf3 Nf6 2. c4 c5 3. Nc3 Nc6 4. d4 cxd4 5. Nxd4 g6 6. e4 d6 7. Be2 Nxd4 8. Qxd4 Bg7 9. Be3 O-O 10. Qd2 Be6 11. O-O a6 12. a4 Nd7 13. Rab1 Nc5 14. f3 a5 15. b3 Qb6 16. Nb5 Bd7 17. Rfd1 Bc6 18. Kh1 Rfc8 19. Qe1 Rd8 20. Qf2 Rd7 21. Nd4 Rc8 22. Nb5 h5 23. Bf1 Qd8 24. g3 Bxb5 25. axb5 b6 26. h4 Kh7 27. Bh3 e6 28. Bg2 d5 29. cxd5 Rd6 30. Bg5 Qe8 31. Bf4 e5 32. Be3 Qxb5 33. Bf1 Qe8 34. Rdc1 Bf8 35. Bxc5 bxc5 36. Rxc5 Rxc5 37. Qxc5 Rf6 38. Qe3 Bh6 39. Qc3 Qb8 40. Rd1 Qb6 41. Kg2 Bg7 42. Bc4 Rd6 43. Ra1 f5 44. Qxa5 fxe4 45. fxe4 Qd4 46. Qe1 Qb2+ 47. Kh3 Rf6 48. Rb1 Qc2 49. Rc1 Qb2 50. Qc3 Qa3 51. b4 Qa7 52. b5 Rf2 53. Rg1 Qd7+ 54. g4 Qf7 55. d6 Qf4 56. Rg3 hxg4+ 0-1